000 00327nam a2200121Ia 4500
008 241028s9999 xx 000 0 und d
041 _aeng
082 _a658.514 HOD
100 _aHugo Hodges
245 _aBusiness Innovation: Concepts And Analysis
260 _bMurphy & Moore Publishing
_aUSA
_c2022
300 _a236;. P. 27 cm
999 _c42924
_d42924